Spectrophysics (Record no. 9341)

MARC details
000 -LEADER
fixed length control field 00583nam a2200193Ia 4500
003 - CONTROL NUMBER IDENTIFIER
control field IN-BaIIA
008 - FIXED-LENGTH DATA ELEMENTS--GENERAL INFORMATION
fixed length control field 211028s9999 xx 000 0 eng d
020 ## - INTERNATIONAL STANDARD BOOK NUMBER
International Standard Book Number 0-412-27470-1
040 ## - CATALOGING SOURCE
Transcribing agency IIA Library
080 ## - UNIVERSAL DECIMAL CLASSIFICATION NUMBER
Universal Decimal Classification number 535.33
Item number THO
100 ## - MAIN ENTRY--PERSONAL NAME
Personal name Thorne, Anne P.
9 (RLIN) 15737
245 #0 - TITLE STATEMENT
Title Spectrophysics
Statement of responsibility, etc. Anne P. Thorne, C. C. Davis and M. A. Coplan
250 ## - EDITION STATEMENT
Edition statement 2nd ed.
260 ## - PUBLICATION, DISTRIBUTION, ETC.
Place of publication, distribution, etc. London
Name of publisher, distributor, etc. Educational Supplies
Date of publication, distribution, etc. 1988
300 ## - PHYSICAL DESCRIPTION
Extent xi, 390p.
650 ## - SUBJECT ADDED ENTRY--TOPICAL TERM
Topical term or geographic name entry element Astronomy and Astrophysics Thesaurus
650 ## - SUBJECT ADDED ENTRY--TOPICAL TERM
Topical term or geographic name entry element Spectrophysics
9 (RLIN) 15738
942 ## - ADDED ENTRY ELEMENTS (KOHA)
Koha item type Books
Holdings
Withdrawn status Lost status Damaged status Not for loan Home library Current library Shelving location Date acquired Cost, normal purchase price Total Checkouts Full call number Barcode Date last seen Date last checked out Cost, replacement price Price effective from Koha item type Purchase Price
        IIA Library-Bangalore IIA Library-Bangalore General Stacks   390.19 1 535.33/THO 10248 30/03/2023 07/11/2022 390.19   Books Rs. 390.19

Powered by Koha